[Event "Skakligaen 2022-23"]
[Site "Denmark"]
[Date "2023.03.26"]
[Round "9.3"]
[White "Svane, Frederik"]
[Black "Vasli, Aref"]
[Result "1-0"]
[WhiteElo "2566"]
[BlackElo "2374"]
[PlyCount "79"]
[EventDate "2022.10.29"]
[EventType "team-tourn"]
[EventRounds "9"]
[EventCountry "DEN"]
[SourceTitle "Live v. Kasper Jerwiarz"]
[WhiteTeam "Skanderborg"]
[BlackTeam "Bronshoj"]

1. e4 e5 2. Nf3 Nc6 3. Bb5 a6 4. Ba4 Nf6 5. O-O Be7 6. Re1 b5 7. Bb3 d6 8. c3
O-O 9. h3 Bb7 10. d4 Re8 11. Nbd2 exd4 12. cxd4 Nd7 13. Nf1 Bf6 14. Rb1 Na5 15.
Bc2 c5 16. d5 Nc4 17. N3h2 Bd4 18. Ng3 g6 19. b3 Ncb6 20. a4 bxa4 21. bxa4 Bc8
22. Bf4 Nc4 23. Qc1 h5 24. Bb3 Nce5 25. Rd1 Qf6 26. Ne2 g5 27. Nxd4 gxf4 28.
Nf5 Ng6 29. Bc2 Nde5 30. Kh1 a5 31. Rg1 Ba6 32. Rb6 Nc4 33. Rxa6 Rxa6 34. Bd3
Rb6 35. Qxc4 Rb4 36. Qa6 c4 37. Bxc4 Rxe4 38. Bd3 Re5 39. Nf3 Kh7 40. Nxe5 1-0

[Event "Skakligaen 2022-23"]
[Site "Denmark"]
[Date "2023.03.26"]
[Round "9.4"]
[White "Pilgaard, Kim"]
[Black "Olsen, Filip Boe"]
[Result "0-1"]
[WhiteElo "2379"]
[BlackElo "2433"]
[PlyCount "66"]
[EventDate "2022.10.29"]
[EventType "team-tourn"]
[EventRounds "9"]
[EventCountry "DEN"]
[SourceTitle "Live v. Kasper Jerwiarz"]
[WhiteTeam "Bronshoj"]
[BlackTeam "Skanderborg"]

1. d4 Nf6 2. c4 e6 3. Nc3 Bb4 4. e3 O-O 5. Nge2 Re8 6. a3 Bf8 7. Ng3 d5 8. Be2
b6 9. cxd5 exd5 10. O-O Bb7 11. b4 Nbd7 12. Bb2 c6 13. Qb3 a5 14. bxa5 Rxa5 15.
a4 Qa8 16. Rfb1 Ba6 17. Bf3 Bc4 18. Qc2 Qa6 19. Rd1 b5 20. axb5 cxb5 21. e4
dxe4 22. Ncxe4 Nxe4 23. Nxe4 Rxa1 24. Rxa1 Qg6 25. Qb1 Nb6 26. Nc5 Qxb1+ 27.
Rxb1 Na4 28. Nxa4 bxa4 29. Bc3 a3 30. Rb7 a2 31. Ra7 Rb8 32. Rb7 Ra8 33. Ba1
Re8 0-1

[Event "Skakligaen 2022-23"]
[Site "Denmark"]
[Date "2023.03.26"]
[Round "9.5"]
[White "Pajeken, Jakob Leon"]
[Black "Hoi, Carsten"]
[Result "1-0"]
[WhiteElo "2458"]
[BlackElo "2344"]
[PlyCount "55"]
[EventDate "2022.10.29"]
[EventType "team-tourn"]
[EventRounds "9"]
[EventCountry "DEN"]
[SourceTitle "Live v. Kasper Jerwiarz"]
[WhiteTeam "Skanderborg"]
[BlackTeam "Bronshoj"]

1. e4 g6 2. d4 Bg7 3. Nc3 d6 4. Be3 c6 5. Qd2 b5 6. Bd3 Nd7 7. Nf3 Nb6 8. h3
Nf6 9. O-O O-O 10. Rfe1 Qc7 11. e5 dxe5 12. dxe5 Nfd5 13. Bh6 Nxc3 14. Bxg7
Kxg7 15. Qxc3 Nd5 16. Qd4 Bb7 17. Qh4 c5 18. Ng5 Rh8 19. Bxb5 h6 20. Ne4 Nb4
21. Ba4 Qxe5 22. a3 Na6 23. Rad1 g5 24. Qg4 Bc8 25. Qf3 Be6 26. Ng3 Qxb2 27.
Nh5+ Kg6 28. g4 1-0

[Event "Skakligaen 2022-23"]
[Site "Denmark"]
[Date "2023.03.26"]
[Round "9.6"]
[White "Bromann, Thorbjorn"]
[Black "Pedersen, Nicolai Vesterbaek"]
[Result "1-0"]
[WhiteElo "2374"]
[BlackElo "2367"]
[PlyCount "65"]
[EventDate "2022.10.29"]
[EventType "team-tourn"]
[EventRounds "9"]
[EventCountry "DEN"]
[SourceTitle "Live v. Kasper Jerwiarz"]
[WhiteTeam "Bronshoj"]
[BlackTeam "Skanderborg"]

1. b3 g6 2. Bb2 Nf6 3. Bxf6 exf6 4. c4 h5 5. h4 b6 6. e3 Bb7 7. Nc3 c5 8. Nge2
Bh6 9. d4 O-O 10. Qd2 Re8 11. dxc5 bxc5 12. Nd5 Nc6 13. g3 a5 14. Nec3 Ne5 15.
Bg2 a4 16. Nxa4 Rxa4 17. bxa4 Nxc4 18. Qc2 Nxe3 19. fxe3 Re5 20. Rd1 Bxd5 21.
Bxd5 Qa5+ 22. Kf1 Kg7 23. e4 f5 24. exf5 Qa6+ 25. Qc4 Qd6 26. Bf3 Qf6 27. Kg2
Rxf5 28. Rhf1 Be3 29. Qe2 Bd4 30. Be4 Rxf1 31. Rxf1 Qe5 32. Bf3 Be3 33. Re1 1-0

[Event "Skakligaen 2022-23"]
[Site "Denmark"]
[Date "2023.03.26"]
[Round "9.7"]
[White "Brondt, Nicolai Kvist"]
[Black "Aabling Thomsen, Jakob"]
[Result "0-1"]
[WhiteElo "2248"]
[BlackElo "2349"]
[PlyCount "138"]
[EventDate "2022.10.29"]
[EventType "team-tourn"]
[EventRounds "9"]
[EventCountry "DEN"]
[SourceTitle "Live v. Kasper Jerwiarz"]
[WhiteTeam "Skanderborg"]
[BlackTeam "Bronshoj"]

1. c4 e5 2. Nc3 Nf6 3. Nf3 d6 4. d4 Nbd7 5. e4 g6 6. Be2 Bg7 7. O-O O-O 8. Re1
c6 9. Bf1 Re8 10. d5 c5 11. a3 Rf8 12. b4 b6 13. Nd2 Ne8 14. Nb3 f5 15. bxc5
Nxc5 16. Nxc5 bxc5 17. exf5 gxf5 18. Qh5 Kh8 19. Bh6 Rg8 20. Bxg7+ Rxg7 21. f4
Nf6 22. Qh3 e4 23. Rab1 Ng4 24. Be2 Qf6 25. Bxg4 Rxg4 26. Qe3 Ba6 27. Nb5 Rag8
28. Re2 R8g7 29. Kh1 h5 30. Rf2 Kh7 31. Kg1 R7g6 32. Rd2 Qg7 33. Rbb2 Bxb5 34.
cxb5 Rxg2+ 35. Rxg2 Qxb2 36. Rxg6 Kxg6 37. Qg3+ Kf7 38. Qg5 Qc1+ 39. Kg2 Qd2+
40. Kf1 Qd1+ 41. Kf2 Qf3+ 42. Ke1 Qh1+ 43. Kd2 Qxh2+ 44. Kd1 Qh3 45. Qh6 Qg4+
46. Kd2 Qg6 47. Qh8 Qg2+ 48. Kc1 Qf1+ 49. Kc2 Qc4+ 50. Kb1 Qxb5+ 51. Ka1 Qf1+
52. Kb2 Qe2+ 53. Ka1 Qd1+ 54. Ka2 Qxd5+ 55. Kb1 Qb3+ 56. Kc1 Qxa3+ 57. Kc2 Qa4+
58. Kc1 Qc4+ 59. Kb1 Qd3+ 60. Ka2 Qd5+ 61. Kb1 Ke7 62. Qxh5 e3 63. Qh7+ Qf7 64.
Qh4+ Kd7 65. Qe1 Qb3+ 66. Kc1 Qc4+ 67. Kd1 e2+ 68. Kd2 Qb4+ 69. Kxe2 Qxe1+ 0-1

[Event "Skakligaen 2022-23"]
[Site "Denmark"]
[Date "2023.03.26"]
[Round "9.1"]
[White "Ochsner, Bjorn Moller"]
[Black "Hector, Jonny"]
[Result "0-1"]
[WhiteElo "2504"]
[BlackElo "2454"]
[PlyCount "132"]
[EventDate "2022.10.29"]
[EventType "team-tourn"]
[EventRounds "9"]
[EventCountry "DEN"]
[SourceTitle "Live v. Kasper Jerwiarz"]
[WhiteTeam "AarhusSkolerne"]
[BlackTeam "Nordkalotten"]

1. e4 e5 2. Nf3 Nc6 3. Bb5 a6 4. Ba4 Bc5 5. c3 Nge7 6. d4 exd4 7. cxd4 Bb4+ 8.
Nbd2 d5 9. exd5 Qxd5 10. O-O O-O 11. Bb3 Qh5 12. h3 Be6 13. Bxe6 fxe6 14. Qe2
Rf6 15. Ne4 Rxf3 16. Qxf3 Qxf3 17. gxf3 Nxd4 18. f4 Nd5 19. Rd1 Ne2+ 20. Kf1
Nxc1 21. Raxc1 c6 22. Ng5 Re8 23. Rc4 h6 24. Nf3 Bd6 25. Re4 Kf7 26. Rd3 Kf6
27. Rc4 Re7 28. Ng1 c5 29. Ne2 b5 30. Re4 c4 31. Rd1 Bc7 32. a4 g5 33. fxg5+
hxg5 34. axb5 axb5 35. Re1 Be5 36. Nd4 Bxd4 37. Rxd4 Rh7 38. Rde4 Nf4 39. R1e3
Ra7 40. h4 Ra1+ 41. Re1 Rxe1+ 42. Kxe1 Kf5 43. f3 gxh4 44. Kd2 h3 45. Re1 Kg5
46. Rg1+ Ng2 47. Kc3 Kf4 48. Kb4 Kxf3 49. Kxb5 Ne3 50. Rg8 h2 51. Rh8 Kg2 52.
Rg8+ Kf2 53. Rh8 Kg3 54. Rg8+ Ng4 55. Rh8 Ne5 56. Rg8+ Kf2 57. Rh8 Kg2 58. Rg8+
Kf3 59. Rh8 Kg3 60. Rg8+ Ng4 61. Rh8 e5 62. Kxc4 e4 63. Kc3 e3 64. Kc2 Nf2 65.
Rg8+ Kf3 66. Rf8+ Ke2 0-1

[Event "Skakligaen 2022-23"]
[Site "Denmark"]
[Date "2023.03.26"]
[Round "9.2"]
[White "Jepson, Christian"]
[Black "Rasmussen, Karsten"]
[Result "1/2-1/2"]
[WhiteElo "2401"]
[BlackElo "2392"]
[PlyCount "83"]
[EventDate "2022.10.29"]
[EventType "team-tourn"]
[EventRounds "9"]
[EventCountry "DEN"]
[SourceTitle "Live v. Kasper Jerwiarz"]
[WhiteTeam "Nordkalotten"]
[BlackTeam "AarhusSkolerne"]

1. d4 d5 2. Nf3 c5 3. dxc5 e6 4. e3 Bxc5 5. a3 Nf6 6. c4 O-O 7. cxd5 Qxd5 8.
Qxd5 Nxd5 9. Bd2 Nd7 10. Nc3 N7b6 11. Rc1 Nxc3 12. Bxc3 Na4 13. Be2 Nxc3 14.
Rxc3 Be7 15. O-O Bf6 16. Nd4 Rd8 17. Rd1 Bd7 18. Rc7 e5 19. Nf3 Bc6 20. h3
Rxd1+ 21. Bxd1 e4 22. Nd4 Bd8 23. Rxc6 bxc6 24. Bc2 Bf6 25. Nxc6 Bxb2 26. Bxe4
Re8 27. Bd3 Bxa3 28. Nxa7 Rd8 29. Be2 Rd2 30. Kf1 Rb2 31. g3 f5 32. Nb5 Bc5 33.
Nc3 g5 34. Bd3 f4 35. Na4 Ba3 36. Nxb2 Bxb2 37. Ke2 Kg7 38. Kf3 fxe3 39. fxe3
h5 40. Bb5 Bc3 41. Be8 h4 42. g4 1/2-1/2

[Event "Skakligaen 2022-23"]
[Site "Denmark"]
[Date "2023.03.26"]
[Round "9.3"]
[White "Vinther Schou, Uffe"]
[Black "Brynell, Stellan"]
[Result "0-1"]
[WhiteElo "2382"]
[BlackElo "2383"]
[PlyCount "112"]
[EventDate "2022.10.29"]
[EventType "team-tourn"]
[EventRounds "9"]
[EventCountry "DEN"]
[SourceTitle "Live v. Kasper Jerwiarz"]
[WhiteTeam "AarhusSkolerne"]
[BlackTeam "Nordkalotten"]

1. c4 Nf6 2. g3 g6 3. Bg2 Bg7 4. Nf3 O-O 5. O-O d6 6. d4 Nbd7 7. Nc3 e5 8. e4
c6 9. h3 Re8 10. Be3 exd4 11. Nxd4 Nc5 12. Qc2 a5 13. Nb3 Nfd7 14. Rad1 Qe7 15.
Rfe1 Nxb3 16. axb3 Nc5 17. f4 Be6 18. Bf2 Rad8 19. Ne2 Qc7 20. Nd4 Bc8 21. Re3
Re7 22. Nf3 Rde8 23. Rde1 f5 24. e5 Ne4 25. exd6 Qxd6 26. c5 Qc7 27. Bf1 Be6
28. Bc4 Bd5 29. h4 h6 30. Qd3 Rd8 31. Qe2 Kh7 32. Kh2 Red7 33. Bg1 Bxc4 34.
Qxc4 Rd5 35. R3e2 Bf6 36. h5 Qg7 37. Rxe4 fxe4 38. Qxe4 Rxh5+ 39. Kg2 Rhd5 40.
Bf2 R8d7 41. Ra1 Qe7 42. Qc4 Qd8 43. b4 axb4 44. Qxb4 Re7 45. Ra7 Rd3 46. f5
gxf5 47. Rxb7 Qd5 48. Rxe7+ Bxe7 49. Qf4 Bg5 50. Qc7+ Kg8 51. Qb8+ Kf7 52. Qc7+
Kg8 53. Qb8+ Bd8 54. Qf4 Bc7 55. Qxc7 Qxf3+ 56. Kh3 Qh1# 0-1

[Event "Skakligaen 2022-23"]
[Site "Denmark"]
[Date "2023.03.26"]
[Round "9.4"]
[White "Sylvan, Jacob"]
[Black "Skytte, Rasmus"]
[Result "1/2-1/2"]
[WhiteElo "2310"]
[BlackElo "2354"]
[PlyCount "20"]
[EventDate "2022.10.29"]
[EventType "team-tourn"]
[EventRounds "9"]
[EventCountry "DEN"]
[SourceTitle "Live v. Kasper Jerwiarz"]
[WhiteTeam "Nordkalotten"]
[BlackTeam "AarhusSkolerne"]

1. e4 c5 2. Nf3 e6 3. d4 cxd4 4. Nxd4 Nc6 5. Nc3 Qc7 6. g3 a6 7. Bg2 Nf6 8. O-O
Nxd4 9. Qxd4 Bc5 10. Bf4 d6 1/2-1/2

[Event "Skakligaen 2022-23"]
[Site "Denmark"]
[Date "2023.03.26"]
[Round "9.5"]
[White "Sorensen, Jan"]
[Black "Hove, Esben Kjems"]
[Result "1/2-1/2"]
[WhiteElo "2370"]
[BlackElo "2305"]
[PlyCount "29"]
[EventDate "2022.10.29"]
[EventType "team-tourn"]
[EventRounds "9"]
[EventCountry "DEN"]
[SourceTitle "Live v. Kasper Jerwiarz"]
[WhiteTeam "AarhusSkolerne"]
[BlackTeam "Nordkalotten"]

1. e4 c6 2. d4 d5 3. exd5 cxd5 4. Bd3 Nc6 5. c3 Nf6 6. Bf4 Bg4 7. Qb3 Na5 8.
Qa4+ Bd7 9. Qc2 Rc8 10. Nf3 e6 11. O-O Be7 12. Nbd2 O-O 13. Ne5 h6 14. Rae1 Qe8
15. Ndf3 1/2-1/2

[Event "Skakligaen 2022-23"]
[Site "Denmark"]
[Date "2023.03.26"]
[Round "9.6"]
[White "Kristensen, Kaare Hove"]
[Black "Baekgaard, Martin"]
[Result "1/2-1/2"]
[WhiteElo "2267"]
[BlackElo "2296"]
[PlyCount "25"]
[EventDate "2022.10.29"]
[EventType "team-tourn"]
[EventRounds "9"]
[EventCountry "DEN"]
[SourceTitle "Live v. Kasper Jerwiarz"]
[WhiteTeam "Nordkalotten"]
[BlackTeam "AarhusSkolerne"]

1. e4 e6 2. d4 d5 3. Nc3 Bb4 4. Nge2 dxe4 5. a3 Be7 6. g4 Bd7 7. Bg2 Bc6 8. Ng3
e3 9. Bxc6+ Nxc6 10. Bxe3 Nf6 11. h3 Nd5 12. Nxd5 Qxd5 13. Qd3 1/2-1/2

[Event "Skakligaen 2022-23"]
[Site "Denmark"]
[Date "2023.03.26"]
[Round "9.7"]
[White "Pedersen, Finn"]
[Black "Jakobsen, Peter"]
[Result "1/2-1/2"]
[WhiteElo "2266"]
[BlackElo "2175"]
[PlyCount "71"]
[EventDate "2022.10.29"]
[EventType "team-tourn"]
[EventRounds "9"]
[EventCountry "DEN"]
[SourceTitle "Live v. Kasper Jerwiarz"]
[WhiteTeam "AarhusSkolerne"]
[BlackTeam "Nordkalotten"]

1. Nf3 d5 2. d4 Nf6 3. Bf4 e6 4. e3 Bd6 5. Bg3 O-O 6. Nbd2 c5 7. c3 Qc7 8. Bxd6
Qxd6 9. Ne5 Nc6 10. f4 Nd7 11. Bd3 f5 12. Nxd7 Bxd7 13. O-O a6 14. Kh1 b5 15.
a3 c4 16. Be2 a5 17. b3 Rab8 18. a4 Na7 19. axb5 Nxb5 20. Qc2 cxb3 21. Nxb3 Na3
22. Qa2 Nc4 23. Bxc4 dxc4 24. Nc5 Bc6 25. Qxc4 Bb5 26. Qxe6+ Qxe6 27. Nxe6 Rf6
28. Rfb1 Rxe6 29. c4 Rxe3 30. cxb5 a4 31. g3 Rb3 32. Rc1 a3 33. Kg2 R8xb5 34.
Rc8+ Kf7 35. Ra8 Rd5 36. R1xa3 1/2-1/2

[Event "Skakligaen 2022-23"]
[Site "Denmark"]
[Date "2023.03.26"]
[Round "9.8"]
[White "Ejsing, Esben"]
[Black "Sobjerg, Erik"]
[Result "1/2-1/2"]
[WhiteElo "2116"]
[BlackElo "2252"]
[PlyCount "30"]
[EventDate "2022.10.29"]
[EventType "team-tourn"]
[EventRounds "9"]
[EventCountry "DEN"]
[SourceTitle "Live v. Kasper Jerwiarz"]
[WhiteTeam "Nordkalotten"]
[BlackTeam "AarhusSkolerne"]

1. c4 f5 2. d4 Nf6 3. g3 e6 4. Bg2 Be7 5. Nc3 d5 6. Nh3 c6 7. cxd5 exd5 8. O-O
O-O 9. a3 a5 10. Qc2 Na6 11. Na4 Bd7 12. Nf4 Nc7 13. Nc5 b6 14. Nxd7 Qxd7 15.
Nd3 Qe6 1/2-1/2

[Event "Skakligaen 2022-23"]
[Site "Denmark"]
[Date "2023.03.26"]
[Round "9.1"]
[White "Nielsen, Viktor Haarmark"]
[Black "Matthiesen, Martin"]
[Result "1/2-1/2"]
[WhiteElo "2384"]
[BlackElo "2328"]
[PlyCount "73"]
[EventDate "2022.10.29"]
[EventType "team-tourn"]
[EventRounds "9"]
[EventCountry "DEN"]
[SourceTitle "Live v. Kasper Jerwiarz"]
[WhiteTeam "Obro"]
[BlackTeam "SK1968"]

1. d4 Nf6 2. c4 e6 3. g3 d5 4. Nf3 dxc4 5. Bg2 c5 6. O-O Nc6 7. Ne5 Bd7 8. Nxc4
cxd4 9. Bf4 Nd5 10. Nd6+ Bxd6 11. Bxd6 Nde7 12. Nd2 O-O 13. Nf3 Re8 14. Nxd4
Nxd4 15. Qxd4 Nf5 16. Qd2 Nxd6 17. Qxd6 Bb5 18. Qe5 Qb6 19. Bf3 Rac8 20. Rfc1
Bc6 21. Bxc6 Rxc6 22. Rxc6 Qxc6 23. Rd1 h6 24. Rd6 Qc1+ 25. Kg2 Qc4 26. a3 b6
27. e4 Re7 28. h4 Kh7 29. Rd8 Qe2 30. b4 Rb7 31. Qf4 a5 32. Qf3 Qxf3+ 33. Kxf3
Rc7 34. Rb8 Rc3+ 35. Kg2 Rxa3 36. Rxb6 axb4 37. Rxb4 1/2-1/2

[Event "Skakligaen 2022-23"]
[Site "Denmark"]
[Date "2023.03.26"]
[Round "9.2"]
[White "Thogersen, Rasmus"]
[Black "Nunez, Ruben Domingo"]
[Result "1/2-1/2"]
[WhiteElo "2323"]
[BlackElo "2383"]
[PlyCount "52"]
[EventDate "2022.10.29"]
[EventType "team-tourn"]
[EventRounds "9"]
[EventCountry "DEN"]
[SourceTitle "Live v. Kasper Jerwiarz"]
[WhiteTeam "SK1968"]
[BlackTeam "Obro"]

1. e4 c6 2. d4 d5 3. e5 Bf5 4. Nf3 e6 5. Be2 Nd7 6. O-O h6 7. c3 Ne7 8. Na3 Bh7
9. Nc2 Nf5 10. g4 Nh4 11. Nxh4 Qxh4 12. f4 f6 13. b4 h5 14. g5 Be7 15. Ne3 Be4
16. Bd3 O-O-O 17. Bxe4 dxe4 18. Qb3 Qh3 19. b5 c5 20. f5 fxe5 21. fxe6 Nf8 22.
Nf5 Ng6 23. d5 Rhf8 24. Nxe7+ Nxe7 25. Ba3 Rf3 26. Bxc5 Rg3+ 1/2-1/2

[Event "Skakligaen 2022-23"]
[Site "Denmark"]
[Date "2023.03.26"]
[Round "9.3"]
[White "Hansen, Mads Smith"]
[Black "Ramsdal, Jens Albert"]
[Result "1/2-1/2"]
[WhiteElo "2375"]
[BlackElo "2318"]
[PlyCount "112"]
[EventDate "2022.10.29"]
[EventType "team-tourn"]
[EventRounds "9"]
[EventCountry "DEN"]
[SourceTitle "Live v. Kasper Jerwiarz"]
[WhiteTeam "Obro"]
[BlackTeam "SK1968"]

1. e4 e5 2. Nf3 Nc6 3. Nc3 Nf6 4. Bb5 Nd4 5. Nxd4 exd4 6. e5 dxc3 7. exf6 Qxf6
8. dxc3 Bc5 9. O-O O-O 10. Qh5 d6 11. Bg5 Qe5 12. Qh4 Bxf2+ 13. Rxf2 Qxb5 14.
c4 Qxb2 15. Bf6 gxf6 16. Re1 c5 17. Kh1 f5 18. Rf3 Qd4 19. Qh6 f4 20. c3 Qg7
21. Qxf4 Bg4 22. Rg3 Rae8 23. Rxe8 Rxe8 24. h3 h5 25. hxg4 Re1+ 26. Kh2 h4 27.
Rd3 Qe5 28. Qxe5 dxe5 29. Rd7 Rb1 30. Re7 b6 31. Rxe5 Rb2 32. Re7 Rxa2 33. Kh3
a5 34. Rb7 Rb2 35. Kxh4 Rb3 36. Kg5 Kg7 37. Kf5 Rxc3 38. Rxb6 Rxc4 39. Rb5 a4
40. Ra5 Kg8 41. g5 Kg7 42. g3 Rc1 43. Rxa4 c4 44. Ra7 c3 45. Rc7 c2 46. Kg4 Kf8
47. Rc8+ Ke7 48. Rc3 Ke6 49. Rc8 Ke5 50. g6 fxg6 51. Kg5 Ke4 52. Kxg6 Kf3 53.
Rc3+ Kg4 54. Kg7 Kf5 55. Rc4 Rg1 56. Rxc2 Rxg3+ 1/2-1/2

[Event "Skakligaen 2022-23"]
[Site "Denmark"]
[Date "2023.03.26"]
[Round "9.4"]
[White "Matthiesen, Arne"]
[Black "Christensen, Stefan"]
[Result "1-0"]
[WhiteElo "2314"]
[BlackElo "2293"]
[PlyCount "91"]
[EventDate "2022.10.29"]
[EventType "team-tourn"]
[EventRounds "9"]
[EventCountry "DEN"]
[SourceTitle "Live v. Kasper Jerwiarz"]
[WhiteTeam "SK1968"]
[BlackTeam "Obro"]

1. g3 d5 2. Nf3 Nf6 3. Bg2 Bf5 4. c4 c6 5. b3 e6 6. O-O Be7 7. Bb2 h6 8. d3 O-O
9. Nc3 Nbd7 10. h3 a6 11. a3 Bh7 12. cxd5 exd5 13. Re1 Bc5 14. e3 Re8 15. Ne2
Bd6 16. Nf4 Nc5 17. b4 Ncd7 18. Bc3 Qc7 19. Rc1 Qb6 20. Nd4 Ne5 21. Nf3 Nfd7
22. Bd4 Nxf3+ 23. Qxf3 Qb5 24. Bxg7 Kxg7 25. Qg4+ Kf8 26. Qxd7 Bxf4 27. gxf4
Bxd3 28. Qd6+ Kg7 29. Kh2 Rad8 30. Qc7 Rc8 31. Qd7 Rcd8 32. Qg4+ Kh7 33. Rg1
Rg8 34. Qh4 Qb6 35. Qe7 Rdf8 36. Bf3 Qd8 37. Qxb7 Qh4 38. Rg3 d4 39. Qb6 dxe3
40. Qxe3 Bf5 41. Be4 Bxe4 42. Qxe4+ Kh8 43. Rxc6 Re8 44. Qd4+ Kh7 45. Qf6 Qh5
46. Rc5 1-0

[Event "Skakligaen 2022-23"]
[Site "Denmark"]
[Date "2023.03.26"]
[Round "9.5"]
[White "Rasmussen, Casper Dahl"]
[Black "Bank, Pelle Rodkjaer"]
[Result "1/2-1/2"]
[WhiteElo "2289"]
[BlackElo "2291"]
[PlyCount "82"]
[EventDate "2022.10.29"]
[EventType "team-tourn"]
[EventRounds "9"]
[EventCountry "DEN"]
[SourceTitle "Live v. Kasper Jerwiarz"]
[WhiteTeam "Obro"]
[BlackTeam "SK1968"]

1. Nf3 Nc6 2. d4 d6 3. c4 e5 4. Nc3 Nf6 5. d5 Ne7 6. g3 Ng6 7. Bg2 Be7 8. O-O
O-O 9. b4 a5 10. bxa5 Rxa5 11. a4 Nd7 12. Bd2 Ra6 13. Qc2 f5 14. a5 Nc5 15. Na4
f4 16. Nxc5 dxc5 17. e4 h5 18. Bc3 h4 19. Nxe5 Nxe5 20. Bxe5 f3 21. Bh1 g5 22.
Ra3 g4 23. gxh4 Bxh4 24. Bg3 Bxg3 25. fxg3 Qe7 26. Qd3 Qe5 27. Qe3 Raf6 28. Rf2
Re8 29. Qxc5 Qxe4 30. Ra1 Qe5 31. Rd1 Bf5 32. Bxf3 gxf3 33. Rxf3 Bh3 34. Rxf6
Qxf6 35. d6 cxd6 36. Qd5+ Qe6 37. Qg5+ Kh7 38. Qh5+ Kg7 39. Qg5+ Kh7 40. Qh5+
Kg7 41. Qg5+ Kh7 1/2-1/2

[Event "Skakligaen 2022-23"]
[Site "Denmark"]
[Date "2023.03.26"]
[Round "9.6"]
[White "Hansen, Lars"]
[Black "Hansen, Soren Bech"]
[Result "1-0"]
[WhiteElo "2259"]
[BlackElo "2275"]
[PlyCount "41"]
[EventDate "2022.10.29"]
[EventType "team-tourn"]
[EventRounds "9"]
[EventCountry "DEN"]
[SourceTitle "Live v. Kasper Jerwiarz"]
[WhiteTeam "SK1968"]
[BlackTeam "Obro"]

1. e4 c5 2. Nc3 a6 3. g3 b5 4. Bg2 Bb7 5. d3 e6 6. f4 Nf6 7. Nf3 d5 8. e5 Nfd7
9. f5 Be7 10. fxe6 fxe6 11. O-O O-O 12. Bh3 Qb6 13. Bg5 Rf7 14. Qd2 Nf8 15. Nh4
Qd8 16. Rxf7 Kxf7 17. Rf1+ Kg8 18. Qf4 Qe8 19. Bxe7 Qxe7 20. Qxf8+ Qxf8 21.
Bxe6+ 1-0

[Event "Skakligaen 2022-23"]
[Site "Denmark"]
[Date "2023.03.26"]
[Round "9.7"]
[White "Larsen, Karsten"]
[Black "Lauridsen, Jesper Morch"]
[Result "0-1"]
[WhiteElo "2241"]
[BlackElo "2221"]
[PlyCount "64"]
[EventDate "2022.10.29"]
[EventType "team-tourn"]
[EventRounds "9"]
[EventCountry "DEN"]
[SourceTitle "Live v. Kasper Jerwiarz"]
[WhiteTeam "Obro"]
[BlackTeam "SK1968"]

1. d4 d5 2. Bf4 e6 3. e3 Bd6 4. Bg3 Nf6 5. Nd2 O-O 6. Bd3 c5 7. c3 Nc6 8. Ngf3
b6 9. Ne5 Bb7 10. O-O a5 11. f4 Qc7 12. Bh4 Be7 13. Rf3 Ne4 14. Bxe4 dxe4 15.
Rh3 f6 16. Nxc6 Bxc6 17. Qc2 cxd4 18. cxd4 Qb7 19. Re1 Rac8 20. g4 Bb4 21. a3
Bd5 22. Qd1 Bxd2 23. Qxd2 Bb3 24. Qf2 g5 25. Bg3 Qa6 26. Qg2 Qd3 27. Rh5 Rc1
28. Qf1 Rxe1 29. Qxe1 Rc8 30. Bf2 Rc2 31. fxg5 Rxb2 32. Qf1 Rb1 0-1

[Event "Skakligaen 2022-23"]
[Site "Denmark"]
[Date "2023.03.26"]
[Round "9.8"]
[White "Rewitz, Poul"]
[Black "Skou, Niels"]
[Result "1-0"]
[WhiteElo "2172"]
[BlackElo "2119"]
[PlyCount "123"]
[EventDate "2022.10.29"]
[EventType "team-tourn"]
[EventRounds "9"]
[EventCountry "DEN"]
[SourceTitle "Live v. Kasper Jerwiarz"]
[WhiteTeam "SK1968"]
[BlackTeam "Obro"]

1. f4 d5 2. g3 Nf6 3. Bg2 c5 4. d3 Nc6 5. Nf3 e6 6. O-O Bd6 7. Nbd2 e5 8. fxe5
Nxe5 9. Nxe5 Bxe5 10. Nf3 Bc7 11. Nh4 h6 12. Nf5 Bxf5 13. Rxf5 Qd7 14. Qf1 Qe6
15. Bh3 Qe7 16. Bd2 Rd8 17. Rf3 Kf8 18. Re1 Kg8 19. Kh1 Rd6 20. Bc3 d4 21. Bd2
Rc6 22. e3 Qd8 23. c4 Be5 24. e4 Kh7 25. a3 Re8 26. b4 b6 27. b5 Rd6 28. a4 a5
29. bxa6 Qa8 30. Ra1 Qxa6 31. Qb1 Qa8 32. Qb5 Qc6 33. Rff1 Ra8 34. Bf4 Re8 35.
Kg1 Re7 36. Rfb1 Qc7 37. a5 bxa5 38. Rxa5 Rc6 39. Bxe5 Rxe5 40. Ra8 Qd6 41. Qb8
Qxb8 42. Rbxb8 Rc7 43. Rh8+ Kg6 44. Bf5+ Kh5 45. Rhb8 g6 46. Bh3 Ng4 47. Bxg4+
Kxg4 48. Kg2 f5 49. h3+ Kg5 50. Re8 Rce7 51. Rxe7 Rxe7 52. Rc8 Re5 53. Kf3
fxe4+ 54. dxe4 Kf6 55. Rc6+ Kf7 56. Kf4 Rh5 57. h4 Kg7 58. e5 d3 59. Rc7+ Kf8
60. Rxc5 g5+ 61. Kg4 gxh4 62. Kxh5 1-0

[Event "Skakligaen 2022-23"]
[Site "Denmark"]
[Date "2023.03.26"]
[Round "9.1"]
[White "Haubro, Martin"]
[Black "Petersen, Tom Petri"]
[Result "1-0"]
[WhiteElo "2398"]
[BlackElo "2300"]
[PlyCount "73"]
[EventDate "2022.10.29"]
[EventType "team-tourn"]
[EventRounds "9"]
[EventCountry "DEN"]
[SourceTitle "Live v. Kasper Jerwiarz"]
[WhiteTeam "BMS"]
[BlackTeam "Nordre"]

1. e4 g6 2. d4 Bg7 3. Nc3 d6 4. Be3 c6 5. f4 d5 6. e5 Nh6 7. Nf3 Bg4 8. h3 Bxf3
9. Qxf3 f5 10. Bd3 e6 11. Ne2 Nd7 12. b3 Nf7 13. g4 Nh6 14. Bf2 O-O 15. g5 Nf7
16. h4 h5 17. gxh6 Bxh6 18. Be3 Kh8 19. Kf2 Rg8 20. Qh3 Qe7 21. c4 a6 22. Rhg1
Rg7 23. Rac1 Rag8 24. cxd5 exd5 25. Ng3 Ndxe5 26. dxe5 Nxe5 27. fxe5 f4 28. Bc5
fxg3+ 29. Qxg3 Qe6 30. Rcf1 Bf4 31. Qxf4 Rf7 32. Qxf7 Qxf7+ 33. Kg3 Qc7 34. Bd6
Qa5 35. Be7 Qd2 36. Rf3 Kh7 37. h5 1-0

[Event "Skakligaen 2022-23"]
[Site "Denmark"]
[Date "2023.03.26"]
[Round "9.2"]
[White "Sloth, Jorn"]
[Black "Liu, Casper Yukun"]
[Result "1-0"]
[WhiteElo "2296"]
[BlackElo "2317"]
[PlyCount "57"]
[EventDate "2022.10.29"]
[EventType "team-tourn"]
[EventRounds "9"]
[EventCountry "DEN"]
[SourceTitle "Live v. Kasper Jerwiarz"]
[WhiteTeam "Nordre"]
[BlackTeam "BMS"]

1. Nf3 d5 2. g3 Nf6 3. Bg2 c5 4. O-O e6 5. d4 cxd4 6. Nxd4 e5 7. Nb3 h6 8. a4
Nc6 9. a5 Be6 10. a6 b6 11. c4 Bb4 12. Nc3 Bxc3 13. bxc3 Rc8 14. cxd5 Nxd5 15.
Bb2 O-O 16. c4 Ndb4 17. Nd2 Qg5 18. Bc3 Rfd8 19. h4 Qg6 20. Qa4 Qc2 21. Rfc1
Qxa4 22. Rxa4 b5 23. Rxb4 Nxb4 24. Bxb4 bxc4 25. Bb7 Rb8 26. Ne4 Bd5 27. Nd6 g5
28. hxg5 hxg5 29. Bc5 1-0